000
00330 a2200157 4500
001
47280
020
_a
8516017834
040
_c
Anchieta - Aquarius
100
_a
Boccanera, Silio
240
1
0
_a
=Jogo duplo
_l
por
245
1
0
_a
=Jogo duplo
300
_a
221p.
362
0
_a
2014
650
4
_a
Literatura brasileira
942
_c
BK
999
_c
47280
_d
47280